000 00695cam a2200229 4500500
005 20260329002835.0
041 _afre
042 _adc
100 1 0 _aLegros, Martin
_eauthor
245 0 0 _aPascal Bruckner-Eva Illouz: les liaisons dangereuses, le retour
260 _c2013.
500 _a30
690 _aAdultère
690 _aCorrespondance
690 _aEva Illouz
690 _aLettres
690 _aMultiple
690 _aPascal Bruckner
690 _aPlusieurs vies en une
786 0 _nPhilosophie magazine | 75 | 12 | 2013-12-01 | p. 36-37 | 1951-1787
856 4 1 _uhttps://shs.cairn.info/magazine-philosophie-magazine-2013-12-page-36?lang=fr&redirect-ssocas=7080
999 _c1818908
_d1818908